I count, you count. (Record no. 16830)

000 -LEADER
fixed length control field 00503nam a2200169 a 4500
001 - CONTROL NUMBER
control field :::00020120$&:&@@
003 - CONTROL NUMBER IDENTIFIER
control field OkBaRHE
005 - DATE AND TIME OF LATEST TRANSACTION
control field 20011214143002.0
008 - FIXED-LENGTH DATA ELEMENTS--GENERAL INFORMATION
fixed length control field s1976 j 000 0 eng u
040 ## - CATALOGING SOURCE
Transcribing agency
100 1# - MAIN ENTRY--PERSONAL NAME
Personal name Calden, George
245 10 - TITLE STATEMENT
Title I count, you count.
260 ## - PUBLICATION, DISTRIBUTION, ETC. (IMPRINT)
Place of publication, distribution, etc Niles, IL
Name of publisher, distributor, etc Argus Communications
Date of publication, distribution, etc 1976
300 ## - PHYSICAL DESCRIPTION
Extent 207 p.
942 ## - ADDED ENTRY ELEMENTS (KOHA)
Source of classification or shelving scheme
Koha item type Books
Copies
Barcode Current Location Not for loan Damaged status Koha item type Full call number Price effective from Date acquired Lost status Date last seen Source of classification or shelving scheme Copy number Withdrawn status Shelving location Permanent Location
20120RHEMA Bible Training College  BooksHQ 10 C172010-04-142010-04-14 2010-04-14 1 General StacksRHEMA Bible Training College